HELLDIVERS II: Enemies - Statistics

General Stats
  • This quiz has been taken 282 times
    124 since last reset
  • The average score is 25 of 70
Answer Stats
Answer % Correct
Bile Titan
81%
Charger
81%
Stalker
70%
Hive Lord
68%
Voteless
68%
Factory Strider
67%
Warrior
65%
Bile Spewer
63%
Hunter
61%
Overseer
61%
Scavenger
60%
Devastator
56%
Dragonroach
54%
Hive Guard
53%
Harvester
51%
War Strider
51%
Fleshmob
49%
Shrieker
49%
Charger Behemoth
47%
Bile Spitter
46%
Impaler
46%
Trooper
46%
Stingray
44%
Commissar
42%
Dropship
42%
Leviathan
42%
Rocket Devastator
42%
Brood Commander
39%
Elevated Overseer
37%
Gunship
37%
Heavy Devastator
37%
Scout Strider
37%
Spore Charger
37%
Predator Hunter
35%
Watcher
35%
Berserker
33%
Nursing Spewer
33%
Rupture Warrior
33%
Pouncer
32%
Rupture Charger
32%
Shredder Tank
32%
Predator Stalker
30%
Alpha Commander
28%
Bile Warrior
26%
Hulk Scorcher
26%
Crescent Overseer
25%
Marauder
25%
Rupture Spewer
25%
Spore Burst Scavenger
23%
Spore Burst Warrior
23%
Warp Ship
23%
Reinforced Scout Strider
21%
Spore Burst Hunter
21%
Barrager Tank
19%
Brawler
19%
Hulk Bruiser
18%
MG Raider
18%
Rocket Raider
18%
Alpha Warrior
16%
Annihilator Tank
16%
Hulk Firebomber
12%
Conflagration Devastator
11%
Pyro Trooper
11%
Hulk Obliterator
9%
Illuminate Overship
7%
Jet Brigade Hulk
7%
Assault Raider
5%
Jet Brigade Devastator
5%
Incendiary MG Devastator
2%
Incendiary Rocket Devastator
2%
No matching quizzes found
Score Distribution
Percent of People with Each Score
Percentile by Number Answered
Your Score History
You have not taken this quiz since the last reset